000 00624nam a2200217Ia 4500
005 20250508163828.0
008 008 250505s9999 xx 000 0 eng d
020 _a81-7648-207-2
037 _aTextual
040 _aFEDL
_beng
_cFEDL
041 _aeng
_2eng
084 _a370.954, RAO
_qFEDL
100 _aRao Digumarti Bhaskara Ed.
245 0 _aEducation in India
260 _aNew Delhi, India
_bA P H Publishing Corporation
_c2000
300 _axviii,261p.
650 _aEducation
700 _a Harrshitha Digumarti Ed.
_9776467
942 _cTEXL
_h370.954, RAO
999 _c1385490
_d1385490